000 00266nam a22001217a 4500
008 180205b xxu||||| |||| 00| 0 eng d
041 _aeng
080 _a911
100 _a42
101 _aGJEO
245 _aGreat Adventures
_cNational Geographic
942 _2udc
_cBK
999 _c41829
_d41829